Контроллеры серии КОНТРАСТ. Блоки управления исполнительными механизмами; Промышленные АСУ и контроллеры; № 6

Bibliographic Details
Parent link:Промышленные АСУ и контроллеры: ежемесячный научно-технический производственный журнал.— , 2002-
№ 6.— 2004.— С. 44-45
Other Authors: Марков С. К., Макаров В. Н., Данилов Н. В., Семёнов К. Ю.
Language:Russian
Published: 2004
Series:Технические средства АСУТП
Subjects:
Format: MixedMaterials Book Chapter
KOHA link:https://koha.lib.tpu.ru/cgi-bin/koha/opac-detail.pl?biblionumber=395140

MARC

LEADER 00000naa2a2200000 4500
001 395140
005 20231101064558.0
035 |a (RuTPU)RU\TPU\prd\32297 
090 |a 395140 
100 |a 20050202a2004 k y0rusy50 ca 
101 0 |a rus 
102 |a RU 
200 1 |a Контроллеры серии КОНТРАСТ. Блоки управления исполнительными механизмами  |f С. К. Марков, В. Н. Макаров, Н. В. Данилов, К. Ю. Семёнов 
225 1 |a Технические средства АСУТП 
320 |a Библиогр.: 6 назв. 
461 1 |0 (RuTPU)RU\TPU\prd\2287  |t Промышленные АСУ и контроллеры  |o ежемесячный научно-технический производственный журнал  |d 2002- 
463 1 |0 (RuTPU)RU\TPU\prd\26971  |t № 6  |v С. 44-45  |d 2004 
610 1 |a контроллеры 
610 1 |a блоки управления 
610 1 |a исполнительные механизмы 
610 1 |a электрические исполнительные механизмы 
610 1 |a дискретные выходные сигналы 
610 1 |a электродвигатели 
610 1 |a триаки 
610 1 |a симисторы 
701 1 |a Марков  |b С. К. 
701 1 |a Макаров  |b В. Н. 
701 1 |a Данилов  |b Н. В. 
701 1 |a Семёнов  |b К. Ю. 
801 1 |a RU  |b 63413507  |c 20050202  |g PSBO 
942 |c BK